| 000 | 00444cam a22001337a 4500 | ||
|---|---|---|---|
| 008 | 180718b1953 xxu||||| |||| 00| 0 eng d | ||
| 082 | _aP42x5452 M267e | ||
| 100 | _aMadras. Committee on Elementary Education | ||
| 245 | _aReport of the Committee on Elementary Education in Madras, 1953 | ||
| 260 |
_aMadras _bThe Information and Publicity _c1953 |
||
| 300 | _a79+p. | ||
| 500 | _aChairman: R.V. Parulekar | ||
| 700 | _aParulekar, R.V. (Chairman) | ||
| 999 |
_c489484 _d489484 |
||